[Event "Hunan Belt and Road Open 2019"]
[Site "Hunan"]
[Date "2019.07.31"]
[Round "3.1"]
[White "Cheparinov, Ivan"]
[Black "Parligras, Mircea-Emilian"]
[Result "1-0"]
[WhiteElo "2666"]
[BlackElo "2638"]
[Annotator "TA"]
[PlyCount "114"]
[EventDate "2019.07.29"]
[EventType "swiss"]
[EventCountry "CHN"]
[SourceTitle "playchess.com"]
[Source "ChessBase"]
[SourceQuality "1"]

{[%evp 16,114,21,12,12,0,0,0,0,0,3,2,26,19,41,48,52,57,62,47,39,15,20,34,28,20,24,26,23,27,27,22,51,56,58,18,22,10,12,12,13,9,31,27,28,32,28,21,12,14,16,20,14,0,0,0,0,0,0,0,0,0,8,8,9,0,0,0,7,7,13,0,8,13,33,0,0,0,0,1,7,6,23,8,20,25,67,0,8,0,139,139,139,64,45,45,187,50,72,11,11]} 1. c4 Nf6 2. Nc3 c5 3. Nf3 Nc6 4. e3 e6 5. d4 d5 6. cxd5 exd5 7. Bb5 cxd4 8. Nxd4 Bd7 9. O-O Bd6 {D32: Tarrasch Defence: Sidelines and lines without g3} 10. Nf3 (10. b3 O-O 11. Bb2 Re8 12. Nf3 Bg4 13. Bxc6 bxc6 14. Rc1 Be5 15. Na4 Bxb2 16. Nxb2 Rc8 17. h3 Bxf3 18. Qxf3 {½-½ (60) So,W (2778)-Anand,V (2759) Leuven 2018}) 10... Bg4 11. h3 Bh5 12. Be2 ({Don't go for} 12. Nxd5 $2 Nxd5 13. e4 (13. Qxd5 $2 Bh2+ {[%mdl 64] Discovered Attack} 14. Kxh2 Qxd5 $19) (13. g4 $2 Bg6 $19) 13... Nde7 $19) 12... O-O 13. b3 Rc8 14. Bb2 {[#]} Bxf3 $146 ({Predecessor:} 14... a6 15. Nh4 Bg6 16. Nxg6 hxg6 17. Bf3 Be5 18. Rb1 d4 19. exd4 Bxd4 20. Na4 Ba7 21. Rc1 {½-½ (20) Grigoriants,S (2540)-Lomasov,S (2553) St Petersburg 2018}) 15. Bxf3 Be5 16. Rb1 {[%cal Rc3d5]} d4 17. Nb5 {[%cal Rb5d4]} dxe3 {aiming for ...Qb6.} 18. Qxd8 (18. Nxa7 {is more complex.} Bxb2 19. Qxd8 Rcxd8 20. Nxc6 Rd2 21. Ne7+) 18... exf2+ 19. Rxf2 Rcxd8 20. Bxc6 Bxb2 21. Rbxb2 bxc6 22. Nxa7 c5 23. Nc6 Rd6 24. Ne7+ Kh8 25. Nf5 Re6 26. Rfe2 Ne4 27. Kh2 g6 28. Ng3 Nxg3 29. Kxg3 Rxe2 30. Rxe2 $11 {[%mdl 4096] Endgame KR-KR} Kg7 $1 31. Rc2 Ra8 32. Kf4 Kf6 33. g4 h6 34. h4 Ke6 35. h5 Kd5 36. Rd2+ Ke6 37. Re2+ Kd5 38. Rh2 Ra6 39. Rd2+ Ke6 40. Rh2 Kd5 41. hxg6 Rf6+ 42. Ke3 Re6+ 43. Kf3 {Rh5+ is the strong threat.} Rf6+ 44. Kg3 {Threatens to win with gxf7.} Rxg6 45. Rh5+ Kd4 46. Rf5 Ra6 47. Rf4+ Ke5 48. Rf2 Ke6 49. Rc2 Kf6 50. Kf4 Kg6 51. Kg3 (51. Ke5 $14) 51... Ra5 52. Kf4 h5 (52... Ra6 $11 {keeps the balance.}) 53. gxh5+ $16 Kxh5 {[#]} 54. Rg2 (54. Ke4 $1 $16) 54... Rb5 $1 $14 55. Ke4 Ra5 ({Black should try} 55... f5+ $1 $14 56. Kf4 (56. Kxf5 c4+ 57. Kf6 Rb6+ 58. Kf7 cxb3 $11) 56... Kh6) 56. Kf3 ({White should play} 56. Rf2 $18) 56... Rb5 {[#]} 57. Rg7 (57. Kf4 $1 $16) 57... Ra5 {[%mdl 32768] Accuracy: White = 45%, Black = 53%. . Loss on time!?} 1-0

[Event "Hunan Belt and Road Open 2019"]
[Site "Hunan"]
[Date "2019.07.31"]
[Round "3.2"]
[White "Ganguly, Surya Shekhar"]
[Black "Nguyen, Ngoc Truong Son"]
[Result "1/2-1/2"]
[WhiteElo "2638"]
[BlackElo "2636"]
[Annotator "TA"]
[PlyCount "76"]
[EventDate "2019.07.29"]
[EventType "swiss"]
[EventCountry "CHN"]
[SourceTitle "playchess.com"]
[Source "ChessBase"]
[SourceQuality "1"]

{[%evp 17,76,21,15,0,25,-10,6,-33,-13,-62,24,-83,-47,-100,-95,-127,-27,-106,-93,-79,-90,-104,0,-12,0,0,-6,-8,-13,-6,-9,-12,-10,-9,-12,-187,-186,-178,-139,-135,-135,-135,-68,-59,-47,-54,-10,-12,-13,-11,-16,-24,-20,-81,-14,-22,0,-60,0,-27,0]} 1. e4 c5 2. Nc3 Nc6 3. Nf3 Nf6 4. Bb5 g6 5. Bxc6 dxc6 6. d3 Bg7 7. Be3 b6 8. h3 O-O 9. Qd2 e5 10. O-O-O {B31: Sicilian: 2...Nc6 3 Bb5 g6} (10. Bh6 Qd6 11. Bxg7 Kxg7 12. a4 Ne8 13. Nh2 Nc7 14. Ng4 f6 15. f3 Ne6 16. h4 Nd4 17. h5 g5 {½-½ (54) Anand,V (2768)-Carlsen,M (2842) Saint Louis 2018}) 10... Qd6 11. g4 a5 12. Nh4 {The position is equal.} a4 13. Rhg1 $146 ({Predecessor:} 13. Ne2 Be6 14. Kb1 c4 15. g5 Nh5 16. dxc4 Qxd2 17. Rxd2 Bxc4 18. Bxb6 {½-½ (57) Nguyen,V (2386)-So,W (2577) Vung Tau 2008}) 13... b5 (13... Ne8 $15) 14. f3 (14. Nf5 $1 $11 {was the only way to keep the balance.} gxf5 15. gxf5) 14... b4 15. Ne2 (15. Nb1 $1 $15) 15... Rd8 16. Bh6 {[#]} Qe7 (16... b3 $1 $17 {[%cal Rb3a2][%mdl 512]} 17. cxb3 (17. axb3 axb3) 17... axb3 18. axb3 Ne8) 17. Qg5 {[#]} (17. Nf5 $1 $11 Bxf5 18. gxf5) 17... b3 $1 $17 {[%mdl 512]} 18. cxb3 (18. axb3 axb3) 18... axb3 19. a3 c4 (19... Bxh6 $17 20. Qxh6 Kh8) 20. dxc4 $11 {[#]} Rxa3 $1 {[%cal Ra3a1][%mdl 512]} 21. Rxd8+ $1 (21. bxa3 Qxa3+) 21... Qxd8 {[%cal Ra3a1]} 22. bxa3 Qd3 $36 {[%csl Gb3][%cal Rd3c2][%mdl 2112] Double Attack. Black fights for an advantage.} 23. Qd2 Bxh6 {[%csl Gb3][%cal Rd3c2]} ({Much worse is} 23... Qxc4+ $6 24. Kb2 $16) 24. g5 {[%mdl 64] [#] Double Attack} b2+ $1 {[%mdl 576] Discovered Attack} 25. Qxb2 (25. Kxb2 Qxd2+) 25... Bf8 $1 {[%cal Rf8a3]} 26. Qc2 $2 (26. Rd1 $11 Qe3+ 27. Qd2 Qxa3+ 28. Qb2 Qe3+ {[%mdl 64] Double Attack} 29. Qd2 Qa3+ 30. Qb2 Qe3+ {[%mdl 64] Double Attack} 31. Qd2 Qa3+) 26... Qxa3+ $19 27. Kb1 Nh5 28. Qc3 Qxc3 29. Nxc3 {[#]} Bc5 (29... Nf4 $1 $17 30. Kb2 Bc5) 30. Rd1 $15 Bxh3 31. Rh1 Be6 {White should prevent ...Ng3.} 32. Nf5 $1 Bxc4 33. Na4 Bb4 {Strongly threatening ...Be2.} 34. Nh6+ Kg7 {And now ...Bb5 would win.} 35. Ng4 (35. Kc2 $1 $11) 35... Bd3+ (35... Bb5 $17 36. Nb2 Be7) 36. Ka2 Bc4+ 37. Kb1 Bd3+ 38. Ka2 Bc4+ {Accuracy: White = 39%, Black = 28%.} 1/2-1/2

[Event "Hunan Belt and Road Open 2019"]
[Site "Hunan"]
[Date "2019.07.31"]
[Round "3.3"]
[White "Wei, Yi"]
[Black "Lu, Shanglei"]
[Result "1-0"]
[WhiteElo "2737"]
[BlackElo "2619"]
[Annotator "TA"]
[PlyCount "90"]
[EventDate "2019.07.29"]
[EventType "swiss"]
[EventCountry "CHN"]
[SourceTitle "playchess.com"]
[Source "ChessBase"]
[SourceQuality "1"]

{[%evp 16,90,17,17,3,8,27,16,20,0,0,-4,52,0,0,0,0,0,0,0,26,25,25,21,51,43,51,58,57,60,65,47,73,81,61,83,77,55,55,55,56,56,147,60,73,68,66,68,45,52,382,379,381,381,381,379,376,373,362,373,368,368,366,366,366,345,324,218,1305,851,793,0,1281,1344,994,987,5489]} 1. e4 c5 2. Nf3 d6 3. d4 cxd4 4. Nxd4 Nf6 5. Nc3 a6 6. Bg5 e6 7. f4 h6 8. Bh4 Qb6 9. a3 Be7 {B96: Sicilian Najdorf: 6 Bg5 e6 7 f4, lines other than 7...Qb6 and 7...Be7} 10. Bf2 {And now Nxe6! would win.} Qc7 $1 11. Qf3 Nbd7 {The position is equal.} ({Predecessor:} 11... b5 12. O-O-O Bb7 13. g4 {1-0 (42) Tsydypov,Z (2545)-Drygalov,S (2442) Moscow 2019}) 12. O-O-O b5 13. g4 Bb7 (13... g5 $1 $11) 14. h4 (14. Bg2 $14) 14... Nc5 $11 {[%cal Rc5e4]} 15. Bd3 d5 $146 {[%cal Rd5e4]} (15... h5 16. g5 Ng4 17. Rhg1 {½-½ (25) Grischuk,A (2766)-Vachier Lagrave,M (2779) Saint Louis 2018}) 16. e5 Nfe4 $1 {[%cal Re4c3]} 17. Be1 O-O-O 18. Kb1 Kb8 19. Qe3 h5 20. g5 g6 21. Bxe4 Nxe4 22. Nxe4 dxe4 23. Bb4 Bd5 24. Bxe7 Qxe7 25. Ne2 Qa7 26. Rd4 Rd7 27. Rhd1 Rhd8 28. c3 Bb3 (28... Qa8 $14) 29. R1d2 ({White should play} 29. Rxd7 $16 Rxd7 30. Qxa7+ Rxa7 31. Rd6) 29... Bc4 30. Qxe4 Bxe2 31. Rxd7 Rxd7 32. Qxe2 Rxd2 $4 {[%mdl 8192]} (32... Kc7 $14) 33. Qxd2 $16 {[%mdl 4096] Endgame KQ-KQ} Qg1+ {[#]} 34. Ka2 $1 Qf1 35. Qd6+ Kb7 36. Qd7+ Kb6 {[#]} 37. Qd4+ $1 ({Stronger than} 37. Qxf7 Qc4+ 38. Kb1 Qe4+ 39. Ka1 Qh1+ 40. Ka2 Qd5+ 41. b3 Qd2+ 42. Ka1 Qxc3+ 43. Ka2 Qc2+ 44. Ka1 Qc1+ 45. Ka2 Qc2+ 46. Ka1 Qc1+ 47. Ka2 Qd2+ 48. Kb1 Qd1+ 49. Kb2 Qd2+ 50. Kb1 Qd1+ 51. Kb2 Qd2+ 52. Kb1 $11) 37... Kb7 38. Kb3 Qe2 39. Qd7+ Kb6 40. Qd8+ ({And not} 40. Qxf7 Qc4+ 41. Kc2 Qe4+ 42. Kd2 Qg2+ 43. Kc1 Qh1+ 44. Kd2 Qg2+ 45. Ke3 Qg1+ 46. Kf3 Qf1+ 47. Kg3 Qg1+ 48. Kf3 Qd1+ 49. Kg3 Qg4+ 50. Kf2 Qxh4+ 51. Kf3 Qh1+ 52. Kf2 Qh2+ 53. Kf3 Qh3+ 54. Kf2 Qh2+ 55. Ke3 Qg1+ 56. Kd2 Qg2+ 57. Ke3 Qg3+ 58. Kd4 Qf2+ 59. Kd3 Qf3+ 60. Kc2 Qe4+ 61. Kd2 Qg2+ 62. Kc1 Qf1+ 63. Kd2 Qf2+ 64. Kc1 Qe3+ 65. Kd1 Qd3+ 66. Kc1 Qf1+ 67. Kd2 Qf2+ 68. Kc1 Qe3+ 69. Kd1 Qd3+ 70. Kc1 Qf1+ $11) 40... Kb7 41. Qd4 Qf3 $2 (41... Qg2 42. a4 bxa4+ 43. Qxa4 Qd5+ 44. Qc4 Qd1+ 45. Kb4 Qd7) 42. Qd7+ Kb6 43. Qd4+ (43. Qd8+ $142 Kb7 44. Qd7+ Kb6 45. Qd6+ (45. Qxf7 Qd5+ 46. Kc2 Qe4+ 47. Kd2 Qg2+ 48. Kd3 Qf3+ 49. Kd2 Qg2+ 50. Kd3 Qf1+ 51. Kc2 Qe2+ 52. Kc1 Qe1+ 53. Kc2 Qe2+ 54. Kb1 Qe4+ 55. Ka2 Qd5+ 56. b3 Qd2+ 57. Ka1 Qxc3+ 58. Ka2 Qd2+ 59. Kb1 Qd1+ 60. Kb2 Qd2+ 61. Kb1 Qd3+ 62. Ka2 Qc2+ 63. Ka1 Qc1+ 64. Ka2 Qc2+ 65. Ka1 Qc1+ 66. Ka2 Qd2+ 67. Kb1 $11) 45... Kb7 46. a4 bxa4+ 47. Kxa4) 43... Kb7 $1 $18 44. Kb4 Qc6 45. b3 f5 {Accuracy: White = 80%, Black = 52%.} 1-0

[Event "Hunan Belt and Road Open 2019"]
[Site "Hunan"]
[Date "2019.07.31"]
[Round "3.4"]
[White "Oleksiyenko, Mykhaylo"]
[Black "Yu, Yangyi"]
[Result "0-1"]
[WhiteElo "2600"]
[BlackElo "2736"]
[Annotator "TA"]
[PlyCount "106"]
[EventDate "2019.07.29"]
[EventType "swiss"]
[EventCountry "CHN"]
[SourceTitle "playchess.com"]
[Source "ChessBase"]
[SourceQuality "1"]

{[%evp 16,106,28,21,22,15,11,8,16,16,7,0,16,13,30,10,25,20,17,25,13,24,20,9,9,6,20,10,8,10,11,13,19,0,59,68,76,75,84,87,68,77,81,89,114,130,185,175,206,170,146,144,201,198,184,170,179,126,213,227,219,192,173,145,107,0,0,0,0,0,0,0,0,0,0,0,0,0,0,0,0,-273,-273,-273,-273,-372,-342,-323,-323,-314,-297,-257,-231]} 1. e4 c5 2. Nf3 Nc6 ({Predecessor:} 2... d6 3. d4 cxd4 4. Nxd4 Nf6 5. f3 e5 6. Nb3 Be6 7. c4 a5 8. Be3 Nc6 9. Nc3 Be7 10. Nd5 Nd7 11. Nxe7 Qxe7 12. Be2 {0-1 (25) Petrov,I (2167)-Woznica,M (2300) ICCF email 2012}) 3. d4 cxd4 4. Nxd4 Nf6 5. Nc3 d6 6. f3 e5 7. Nb3 Be7 8. Be3 Be6 9. Nd5 O-O {B56: Classical Sicilian: Unusual Lines} 10. c4 a5 11. Be2 $146 (11. Qd2 a4 12. Nc1 Nd7 13. Ne2 f5 14. exf5 Bxf5 15. Nec3 Nc5 16. Be2 {½-½ (77) Dominguez Perez,L (2739)-Gareyev,T (2557) Saint Louis 2019}) 11... Nd7 {The position is equal.} 12. Nxe7+ Qxe7 13. O-O Nc5 14. Nd2 f5 15. exf5 Bxf5 16. Nb1 {[#]} Nd4 $1 {[%mdl 512]} 17. Nc3 (17. Bxd4 exd4) 17... Nc2 18. Nd5 Qd8 19. Rc1 Nxe3 20. Nxe3 Be6 21. Qd2 Rf4 22. Rcd1 $36 {[%mdl 2048] White has good play.} Rd4 23. Qc3 Na4 24. Qb3 b5 (24... Nc5 $11 25. Qc3 Na4) 25. Qa3 $14 ({But not} 25. Qxb5 $2 Nc5 $17) 25... Qb6 26. cxb5 Nxb2 27. Qxb2 {Strongly threatening Rxd4.} Rxd1 28. Rxd1 Qxe3+ 29. Kf1 Qc5 30. Qd2 $1 d5 (30... Bc4 $16) 31. Rc1 $1 $18 {[%cal Rc1c5]} Qe7 32. Qe3 e4 33. fxe4 dxe4 (33... Re8 $16) 34. Qxe4 Rf8+ 35. Bf3 {Black must now prevent Rc6.} Qd6 36. Qe2 (36. a4 $18) 36... Bf7 (36... Bg4 $16) 37. Kg1 $1 Qb4 38. Bc6 a4 39. Rf1 Rd8 {Black wants to play ...Bc4.} 40. Qf2 ({White should play} 40. Kh1 $16) 40... Bc4 $11 41. Re1 Bxb5 42. Bxb5 Qxb5 {[%mdl 4096] Endgame KQR-KQR} 43. h3 h6 44. Kh1 a3 45. Qg3 Qb2 46. Qc7 Rf8 47. Qc4+ Kh7 48. Qb3 $2 {[%mdl 8192]} (48. Re3 $11 {and White has nothing to worry.}) 48... Qxb3 $19 49. axb3 {[#]} Rb8 $1 50. Rb1 {[#]} Rb4 $1 51. Kg1 {Black has a decisive advantage.} Kg6 52. Kf2 Kg5 53. Ke2 Kh4 {Accuracy: White = 78%, Black = 79%.} 0-1

[Event "Hunan Belt and Road Open 2019"]
[Site "Hunan"]
[Date "2019.07.31"]
[Round "3.5"]
[White "Wang, Hao"]
[Black "Wen, Yang"]
[Result "1-0"]
[WhiteElo "2725"]
[BlackElo "2586"]
[Annotator "TA"]
[PlyCount "92"]
[EventDate "2019.07.29"]
[EventType "swiss"]
[EventCountry "CHN"]
[SourceTitle "playchess.com"]
[Source "ChessBase"]
[SourceQuality "1"]

{[%evp 13,92,-5,4,13,23,27,25,34,30,31,59,39,45,29,37,32,50,37,46,37,50,26,29,18,50,38,39,37,31,39,31,45,48,33,24,27,57,24,70,71,76,75,81,88,105,105,108,102,96,98,120,108,120,120,120,116,120,91,92,68,152,139,139,139,146,128,147,0,151,148,203,144,140,139,143,134,177,133,184,185,199]} 1. d4 Nf6 2. c4 e6 3. Nc3 Bb4 4. f3 c5 5. d5 b5 6. e4 d6 7. Nge2 O-O 8. Nf4 {E20: Nimzo-Indian: 4 g3 and 4 f3} bxc4 $146 ({Predecessor:} 8... e5 9. Nfe2 Nh5 10. g4 Qh4+ 11. Kd2 Nf4 12. Nxf4 exf4 13. Kc2 bxc4 14. Bxf4 {½-½ (45) Eljanov,P (2765)-Harikrishna,P (2763) Stavanger 2016}) 9. Bxc4 {[%cal Rd5e6]} Bxc3+ 10. bxc3 {[%cal Rd5e6] White has an edge.} e5 11. Ne2 Nfd7 12. Bd3 Qa5 13. Bd2 c4 $1 {[%cal Rc4d3]} 14. Bxc4 Qc7 15. Bb3 Nc5 16. O-O a5 17. Bc2 Nbd7 18. f4 Ba6 19. Rf3 Bxe2 20. Qxe2 exf4 21. Bxf4 Rae8 22. Re3 Ne5 23. h3 Re7 24. Rb1 Rfe8 25. Qb5 Ng6 26. Bg3 Ne5 27. Bf2 $36 {[%mdl 2048] White has strong initiative.} Qd8 28. Ree1 Rb7 29. Qe2 Rc7 30. Rb5 Ncd7 31. Bd4 Rc8 32. Rf1 h6 33. Qf2 Re7 34. Qg3 Kh8 35. Qh4 f6 36. Rfb1 Nc5 (36... Nc4 $14) 37. Qf2 Ncd7 38. Qf5 Kg8 39. Rb7 Rc7 40. R7b5 Rc8 $1 41. Kh2 {White is clearly better.} Nf7 (41... Kh8 $16 42. Kg1 Kg8) 42. Bd3 Nfe5 43. Be2 Ra8 44. Qf2 Nf7 45. Qf4 Qe8 (45... Nfe5 $16 46. Qf5 Rc8) 46. Bh5 $18 Nde5 {Accuracy: White = 55%, Black = 59%.} 1-0

[Event "Hunan Belt and Road Open 2019"]
[Site "Hunan"]
[Date "2019.07.31"]
[Round "3.6"]
[White "Vallejo Pons, Francisco"]
[Black "Xu, Yinglun"]
[Result "1-0"]
[WhiteElo "2687"]
[BlackElo "2562"]
[Annotator "TA"]
[PlyCount "33"]
[EventDate "2019.07.29"]
[EventType "swiss"]
[EventCountry "CHN"]
[SourceTitle "playchess.com"]
[Source "ChessBase"]
[SourceQuality "1"]

{[%evp 16,26,17,7,6,2,13,4,1,5,21,8,12]} 1. e4 e6 2. d4 d5 3. Nc3 Nf6 4. e5 Nfd7 5. f4 c5 6. Nf3 Nc6 7. Be3 Be7 8. Qd2 a6 9. Be2 {The position is equal.} O-O {C11: French: Classical System: 4 e5 and 4 Bg5 dxe4} 10. O-O b5 11. a3 Bb7 12. Nd1 Qc7 (12... f6 13. c3 Rc8 14. Bd3 Na5 15. Qe2 fxe5 16. fxe5 cxd4 17. cxd4 {1-0 (38) Grischuk,A (2761)-Caruana,F (2808) Paris 2017}) 13. Nf2 Rac8 {[%mdl 32768] Loss on time!?} {Predecessor:} 14. c3 $146 Na5 15. Qe1 Nc4 16. Bc1 cxd4 17. cxd4 {½-½ (59) Fogarasi,T (2392)-Neef,M (2331) Dresden 2014} 1-0

[Event "Hunan Belt and Road Open 2019"]
[Site "Hunan"]
[Date "2019.07.31"]
[Round "3.7"]
[White "Zeng, Chongsheng"]
[Black "Naiditsch, Arkadij"]
[Result "1-0"]
[WhiteElo "2551"]
[BlackElo "2681"]
[Annotator "TA"]
[PlyCount "95"]
[EventDate "2019.07.29"]
[EventType "swiss"]
[EventCountry "CHN"]
[SourceTitle "playchess.com"]
[Source "ChessBase"]
[SourceQuality "1"]

{[%evp 17,95,29,31,25,33,34,31,35,44,32,41,29,44,47,45,47,58,66,68,59,66,71,77,86,91,81,129,0,10,14,72,107,102,114,95,65,64,70,89,89,87,88,95,90,82,73,85,89,100,91,99,104,141,131,208,204,172,186,323,258,384,339,318,303,284,170,187,172,175,149,147,100,329,356,332,337,557,562,566,557]} 1. e4 c5 2. Nf3 Nc6 3. d4 cxd4 4. Nxd4 e5 5. Nb5 d6 6. c4 Be7 7. N1c3 a6 8. Na3 f5 9. exf5 Bxf5 10. Nc2 {B32: Sicilian: Löwenthal and Kalashnikov Variations} Nf6 11. Ne3 (11. Bd3 Be6 12. O-O O-O 13. b3 Qd7 14. Bb2 Bd8 15. Ne4 Bb6 16. Qe2 Rad8 17. Kh1 Nxe4 18. Bxe4 {½-½ (50) Yu,Y (2764)-Potapov,P (2516) St Petersburg 2018}) 11... Be6 12. g3 {White is slightly better.} O-O 13. Bg2 Qd7 14. O-O b5 15. Ncd5 $146 {Hoping for Nb6.} ({Predecessor:} 15. cxb5 axb5 16. Ncd5 Rab8 17. b3 Bd8 {1-0 (50) Jacobson,A (2311)-Ezra,P (2241) Saint Louis 2019}) 15... Rab8 16. b3 bxc4 17. Nxe7+ Nxe7 18. Nxc4 Rfd8 19. Ba3 {[%cal Rd1d6]} Nf5 20. Rc1 Rb5 21. Re1 Qe8 22. Nxd6 (22. Qd3 $16) 22... Nxd6 $11 23. Bc6 {[%mdl 64] [#] Double Attack} Nf5 (23... Qf8 $11 24. Bxb5 axb5) 24. Bxe8 $16 Rxd1 25. Rcxd1 Nxe8 26. Bb2 Kf7 27. Rxe5 Rb6 28. Rc5 Ne7 29. f3 Nc6 30. Bc3 Nb8 31. Ba5 Rb7 32. Kf2 h6 33. h4 Bd7 34. Rd4 Nf6 35. Bc7 Bb5 (35... h5 $16 {keeps fighting.} 36. Rd6 Bb5) 36. Bxb8 $1 $18 Rxb8 37. Rc7+ Kg6 (37... Kf8 {was called for.} 38. g4 Ne8) 38. g4 Ne8 (38... Kh7 $142 39. a4 Be8) 39. Re7 Rc8 40. h5+ Kf6 41. Re3 (41. Rde4 $142 {Threatening mate with R4e6+.} Rc2+ 42. Kg3) 41... Rc2+ 42. Kg3 {White threatens Rf4+ and mate.} Kf7 43. a4 Bc6 44. Rd8 {Threatens to win with Rc8.} Rb2 $2 (44... Nc7 $16) 45. Rc8 Bd7 {[#]} 46. Ra8 $1 Nc7 $2 (46... Nf6 47. Rd3 Rb1 48. Rxa6 Ke7) 47. Ra7 Rc2 48. Re4 {Accuracy: White = 88%, Black = 31%.} 1-0

[Event "Hunan Belt and Road Open 2019"]
[Site "Hunan"]
[Date "2019.07.31"]
[Round "3.8"]
[White "Zhao, Zong-Yuan"]
[Black "Anton Guijarro, David"]
[Result "0-1"]
[WhiteElo "2529"]
[BlackElo "2678"]
[Annotator "TA"]
[PlyCount "93"]
[EventDate "2019.07.29"]
[EventType "swiss"]
[EventCountry "CHN"]
[SourceTitle "playchess.com"]
[Source "ChessBase"]
[SourceQuality "1"]

{[%evp 19,93,24,35,23,22,19,20,19,17,0,0,-14,-9,-14,0,0,0,-12,-7,-7,-10,-12,7,-9,0,-11,0,0,0,0,0,0,0,0,0,0,0,0,0,0,0,0,0,0,0,0,0,0,0,0,0,-17,-19,-20,-21,-21,-21,-21,-21,-31,-16,-24,0,-32,-49,-51,-23,-23,-23,-23,-25,-584,-432,-584,-584,-584]} 1. d4 Nf6 2. c4 e6 3. Nc3 d5 4. cxd5 exd5 5. Bg5 Be7 6. e3 c6 7. Bd3 Nbd7 8. Qc2 Nh5 9. Bxe7 Qxe7 10. O-O-O Nb6 11. Kb1 {D36: Queen's Gambit Declined: Exchange Variation: Main line (5 Bg5 c6 6 Qc2)} (11. h3 Be6 12. Nge2 O-O-O 13. Kb1 Kb8 14. a4 Qb4 15. Nc1 Nc4 16. Ka1 Nf6 17. N3a2 Qe7 18. e4 g6 {½-½ (52) Wojtaszek,R (2745)-Onischuk,A (2682) Tbilisi 2017}) 11... Be6 12. Nf3 g6 13. Rc1 {The position is equal.} Ng7 {[#]} 14. Na4 $146 ({Predecessor:} 14. Rhe1 O-O-O 15. Na4 Kb8 16. Nc5 Bf5 17. Bxf5 Nxf5 18. Ne5 f6 {½-½ (27) Agrest,E (2585)-Gdanski,J (2542) Sweden 2011}) 14... Nd7 15. Nc5 Nxc5 16. Qxc5 Bf5 17. Qxe7+ Kxe7 18. Kc2 f6 19. Kd2 Bxd3 20. Kxd3 Nf5 21. Nd2 a5 22. a4 Nd6 23. Rhe1 Kd7 24. e4 dxe4+ 25. Nxe4 Nxe4 26. Rxe4 Rhe8 27. Rxe8 Rxe8 $11 {[%mdl 4096] Endgame KR-KR} 28. d5 cxd5 29. Rc5 b6 30. Rxd5+ Kc6 31. Rd4 Re1 32. g4 g5 33. Re4 Rd1+ 34. Kc2 Kd5 35. Re7 Rf1 36. Rxh7 Rxf2+ 37. Kc3 Rf3+ 38. Kc2 Rf4 39. Rb7 $1 Kc5 40. Rc7+ Kd5 41. Rb7 Rxg4 42. Rxb6 f5 {aiming for ...Rh4.} 43. Rb5+ Ke4 {[#] And now ...Rg2+ would win.} 44. b4 $1 Rg2+ 45. Kb3 $2 {[%mdl 8192]} (45. Kd1 $1 $11 {and White has nothing to worry.}) 45... axb4 46. h4 Rg3+ 47. Kb2 {Accuracy: White = 55%, Black = 65%.} 0-1

[Event "Hunan Belt and Road Open 2019"]
[Site "Hunan"]
[Date "2019.07.31"]
[Round "3.9"]
[White "Li, Di"]
[Black "Zhao, Jun"]
[Result "1/2-1/2"]
[WhiteElo "2523"]
[BlackElo "2636"]
[Annotator "RC"]
[PlyCount "47"]
[EventDate "2019.07.29"]
[EventType "swiss"]
[EventCountry "CHN"]
[SourceTitle "playchess.com"]
[Source "ChessBase"]
[SourceQuality "1"]
[TimeControl "5400+30"]

1. d4 {[%emt 0:00:00]} Nf6 {[%emt 0:02:05]} 2. c4 {[%emt 0:00:00]} g6 {[%emt 0:00:57]} 3. Nc3 {[%emt 0:00:10]} Bg7 {[%emt 0:00:47]} 4. e4 {[%emt 0:00:09]} d6 {[%emt 0:00:04]} 5. h3 {[%emt 0:00:12]} O-O {[%emt 0:00:52]} 6. Be3 {[%emt 0:00:07]} a6 {[%emt 0:01:09]} 7. Nf3 {[%emt 0:00:19]} c6 {[%emt 0:00:12]} 8. c5 {[%emt 0:00:58]} Nbd7 {[%emt 0:02:11]} 9. Qc2 {[%emt 0:10:23]} b5 {[%emt 0:06:04]} 10. Be2 {[%emt 0:07:40]} dxc5 {[%emt 0:10:37]} 11. dxc5 {[%emt 0:01:46]} e5 {[%emt 0:00:53]} 12. O-O {[%emt 0:04:21]} Nh5 {[%emt 0:00:29]} 13. a4 {[%emt 0:03:22]} Bb7 {[%emt 0:29:15]} 14. Rfd1 {[%emt 0:03:28]} Qc7 {[%emt 0:00:06]} 15. g3 {[%emt 0:13:44]} Rfd8 {[%emt 0:03:53]} 16. axb5 axb5 {[%emt 0:00:05]} 17. Rxa8 Rxa8 {[%emt 0:01:01]} 18. b4 {[%emt 0:04:47]} Nf8 {[%emt 0:00:26]} 19. Rd6 {[%emt 0:02:04]} Nf6 {[%emt 0:03:06]} 20. Kh2 {[%emt 0:09:39]} Ne8 {[%emt 0:00:49]} 21. Rd1 {[%emt 0:00:14]} Ne6 {[%emt 0:01:18]} 22. Bf1 {[%emt 0:04:02]} h5 {[%emt 0:02:24]} 23. Bg2 {[%emt 0:02:21]} Rd8 {[%emt 0:02:00]} 24. Ra1 {[%emt 0:05:24]} 1/2-1/2

[Event "Hunan Belt and Road Open 2019"]
[Site "Hunan"]
[Date "2019.07.31"]
[Round "3.10"]
[White "Sethuraman, S.P."]
[Black "Batchuluun, Tsegmed"]
[Result "1/2-1/2"]
[WhiteElo "2630"]
[BlackElo "2535"]
[Annotator "RC"]
[PlyCount "51"]
[EventDate "2019.07.29"]
[EventType "swiss"]
[EventCountry "CHN"]
[SourceTitle "playchess.com"]
[Source "ChessBase"]
[SourceQuality "1"]
[TimeControl "5400+30"]

1. d4 {[%emt 0:00:00]} Nf6 {[%emt 0:00:00]} 2. c4 {[%emt 0:00:03]} e6 {[%emt 0:00:08]} 3. Nf3 {[%emt 0:00:05]} d5 {[%emt 0:00:35]} 4. Nc3 {[%emt 0:00:07]} c5 {[%emt 0:02:31]} 5. cxd5 {[%emt 0:00:34]} Nxd5 {[%emt 0:00:08]} 6. e4 {[%emt 0:00:05]} Nxc3 {[%emt 0:00:10]} 7. bxc3 {[%emt 0:00:04]} cxd4 {[%emt 0:00:07]} 8. cxd4 {[%emt 0:00:04]} Bb4+ {[%emt 0:00:07]} 9. Bd2 {[%emt 0:00:05]} Bxd2+ 10. Qxd2 {[%emt 0:00:05]} O-O {[%emt 0:00:15]} 11. Bc4 {[%emt 0:00:16]} Nd7 {[%emt 0:00:44]} 12. O-O {[%emt 0:00:29]} b6 {[%emt 0:00:12]} 13. Rad1 {[%emt 0:00:47]} Bb7 {[%emt 0:00:06]} 14. Rfe1 {[%emt 0:00:06]} Rc8 {[%emt 0:00:44]} 15. Bb3 {[%emt 0:00:39]} Qf6 {[%emt 0:10:25]} 16. h3 {[%emt 0:04:28]} Rfe8 {[%emt 0:03:21]} 17. Re3 {[%emt 0:16:18]} h6 {[%emt 0:09:22]} 18. Qe2 {[%emt 0:05:29]} Qf4 {[%emt 0:14:32]} 19. e5 {[%emt 0:06:05]} Red8 {[%emt 0:02:37]} 20. g3 {[%emt 0:19:22]} Qf5 {[%emt 0:10:50]} 21. g4 {[%emt 0:13:34]} Qg6 {[%emt 0:07:08]} 22. Ne1 {[%emt 0:11:57]} Qg5 {[%emt 0:03:12]} 23. Ng2 {[%emt 0:00:07]} Bxg2 {[%emt 0:02:30]} 24. Kxg2 {[%emt 0:00:05]} Nf8 {[%emt 0:00:03]} 25. Qf3 {[%emt 0:08:03]} Ng6 {[%emt 0:01:52]} 26. Kf1 {[%emt 0:00:42]} 1/2-1/2